00505nam a2200193 a 4500001001300000003000900013005001700022008004100039020001000080082001400090100001700104245003700121260004800158300000900206500003500215505002800250650001600278700001700294nice12345678IN_TiNIC20260116011425.0050524s0000 laha grp 000 0 urd  ac10000a239bSEL2 aSell, Edward aAqaid-E-Islamiab Faith of Islam aLahorebPunjab Religious Booksociety c0000 a360p aincludes index and biblioraphy2 aHand Written Manuscript aApologetics1 aSell, Edward